MARC

LEADER 00000nam0a2200000 4500
001 73501
005 20231031084430.0
035 |a (RuTPU)RU\TPU\book\78429 
090 |a 73501 
100 |a 20050217d1965 km y0rusy50 ca 
101 0 |a rus 
102 |a RU 
105 |a a z 001zy 
200 1 |a Применение пневматических устройств для автоматизации в машиностроении  |f А. И. Морозов 
210 |a Москва  |c Машиностроение  |d 1965 
215 |a 140 с.  |c ил.  |e табл. 
320 |a Библиогр.: с. 138-140. 
610 1 |a пневматические машины 
610 1 |a пневматические приборы 
610 1 |a токарная обработка 
610 1 |a сверлильные станки 
610 1 |a сверлильные работы 
610 1 |a фрезерные работы 
610 1 |a фрезерование 
610 1 |a шлифовальные работы 
610 1 |a шлифование 
610 1 |a автоматизированная обработка 
610 1 |a машиностроение 
610 1 |a автоматизация 
675 |a 621.54  |v 3 
675 |a 621.80.0025-52  |v 3 
700 1 |a Морозов  |b А. И. 
801 1 |a RU  |b 63413507  |c 20050217  |g PSBO 
801 2 |a RU  |b 63413507  |c 20211119  |g PSBO 
942 |c BK